मेटाभूम / (Record no. 117821)

MARC details
000 -LEADER
fixed length control field 00984nam a22002537a 4500
005 - DATE AND TIME OF LATEST TRANSACTION
control field 20170124103101.0
010 ## - LIBRARY OF CONGRESS CONTROL NUMBER
LC control number A-926145
020 ## - INTERNATIONAL STANDARD BOOK NUMBER
Terms of availability 75.00
International Standard Book Number 8170433576
035 ## - SYSTEM CONTROL NUMBER
System control number A-926145
037 ## - SOURCE OF ACQUISITION
Source of stock number/acquisition Cen Lib/Ret
040 ## - CATALOGING SOURCE
Original cataloging agency DPL
Language of cataloging HN
082 ## - DEWEY DECIMAL CLASSIFICATION NUMBER
Classification number
Item number चोपड़ा
100 ## - MAIN ENTRY--PERSONAL NAME
Personal name चोपड़ा, लक्ष्मेन्द्र
9 (RLIN) 42758
245 ## - TITLE STATEMENT
Title मेटाभूम /
Statement of responsibility, etc लक्ष्मेन्द्र चोपड़ा
246 ## - VARYING FORM OF TITLE
Title proper/short title Metabhoom /
Remainder of title by Lakshmendra Chopda
260 ## - PUBLICATION, DISTRIBUTION, ETC. (IMPRINT)
Place of publication, distribution, etc दिल्ली
Name of publisher, distributor, etc आत्माराम एंड संस
Date of publication, distribution, etc 1998
270 ## - ADDRESS
Address कश्मीरी गेट
City दिल्ली
Postal code 110006
300 ## - PHYSICAL DESCRIPTION
Extent 94पृष्ठ.
Dimensions 20सेमी(सजिल्द)
650 ## - SUBJECT ADDED ENTRY--TOPICAL TERM
Topical term or geographic name as entry element साहित्य--कथा
9 (RLIN) 42948
650 ## - SUBJECT ADDED ENTRY--TOPICAL TERM
Topical term or geographic name as entry element हिंदी--कहानी
9 (RLIN) 76984
650 ## - SUBJECT ADDED ENTRY--TOPICAL TERM
Topical term or geographic name as entry element Literature--Fiction
9 (RLIN) 76985
650 ## - SUBJECT ADDED ENTRY--TOPICAL TERM
Topical term or geographic name as entry element Hindi--stories
9 (RLIN) 76986
942 ## - ADDED ENTRY ELEMENTS (KOHA)
Source of classification or shelving scheme Dewey Decimal Classification
Koha item type Hindi Books
Classification part
Call number suffix चोपड़ा
Holdings
Withdrawn status Lost status Damaged status Not for loan Home library Current library Date acquired Source of acquisition Cost, normal purchase price Total Checkouts Full call number Barcode Date last seen Copy number Cost, replacement price Price effective from Koha item type Public note Source of classification or shelving scheme Collection code
Written off       Central Library Central Library 08/09/2015 Cen Lib/Ref 75.00   क चोपड़ा A-926145 08/09/2015 1 75.00 08/09/2015 Hindi Books Written off on approval by DLB (By Circulation); dtd 20.12.2022    
        Yojana Vihar Yojana Vihar 06/09/2019 BPPD/PUB 75.00   क चोपड़ा A-926170 06/09/2019   75.00 06/09/2019 Hindi Books   Dewey Decimal Classification Fiction

© Delhi Public Library
Hit Counter
free hit counter